000 00563nam a22001811 4500
001 20092
003 CZ PrNK
005 20260116120750.0
008 030330s1965 xo slo
040 _aABA001
_bcze
_cABA001
_dABA001
100 1 _aPlicková, Ester,
_d1928-2011
_4aut
245 1 0 _aDunaj v Československu :
_bKrásy rieky /
_cÚv. text a texty pod obr. napísala Ester Plicková
250 _a1. vyd.
260 _aBratislava :
_bObzor, pobočný závod Martin,
_c1965
300 _a1 sv. (nestr.) ;
_c
910 _aABA001
942 _2ddc
_cOLDO
_n0
999 _c20092
_d20092